LDR 00647naa#a2200205#i#450# 001 EN\\bibl\112198 005 20260426210113.7 011 ## _a2311-1402 100 ## _a20240925b2024####ek#y0engy0150####ca 101 0# _aENG 102 ## _aRU 200 1# _aEducation of Future Language Workers: Supporting Students’ Startups as a Teaching Strategy _eJournal article 210 1# _aNizhnevartovsk _cNizhnevartovsk State University _d2024 215 ## _a7 с. 608 ## _aJournal article _2local 675 ## _a. 81’25; 378’16 _zENG 700 #1 _aBogdanova _gSvetlana Yu. 700 #1 _aPlastinina _gNina A. 700 #1 _aStepanova _gMarina A. 856 4# _avestnik.nvsu.ru _u